AFL Stadiums (2025) - Statistics

General Stats
  • This quiz has been taken 62 times
  • The average score is 11 of 18
Answer Stats
Hint Answer % Correct
New South Wales SCG
100%
Victoria MCG
94%
South Australia Adelaide Oval
90%
Victoria Marvel Stadium
90%
Quensland Gabba
87%
Western Australia Optus Stadium
87%
Australia Capital Territory Manuka Oval
65%
New South Wales ENGIE Stadium
62%
Victoria GMHBA Stadium
62%
Queensland People First Stadium
56%
Northern Territory TIO Stadium
56%
South Australia Norwood Oval
54%
Tasmania Ninja Stadium
50%
Victoria Mars Stadium
48%
Tasmania UTAS Stadium
48%
Northen Territory TIO Traeger Park
31%
Western Australia Hands Oval
27%
South Australia Barossa Park
21%
No matching quizzes found
Score Distribution
Percent of People with Each Score
Percentile by Number Answered
Your Score History
You have not taken this quiz